| 000 | 00827nam a22002417i 4500 | ||
|---|---|---|---|
| 005 | 20210818182122.0 | ||
| 008 | 181227s2005 uy a br 000 m spa d | ||
| 020 | _a9974782678 | ||
| 040 |
_aCOMFC _bspa _erda |
||
| 100 | 1 |
_953726 _aMaturana, Silvia _eaut |
|
| 245 | 1 | 3 |
_aEl hipopótamo Tito _cMaturana, Silvia |
| 264 | 0 | 1 |
_aMontevideo (Uruguay) _bLatinbooks International S. A. _c2005 |
| 300 |
_a[8] páginas _bilustraciones _c14 x 19.5 cm |
||
| 336 |
_2rdacontent _atxt |
||
| 337 |
_2rdamedia _an |
||
| 338 |
_2rdacarrier _anc |
||
| 490 |
_953727 _aColección Animales Alegres y Amigos |
||
| 082 | 0 | 4 |
_a808.068 _bM445h |
| 650 | 0 |
_921349 _aLiteratura Infantil |
|
| 650 | 0 |
_953728 _aPoemas Narrativos |
|
| 650 | 0 |
_953696 _aCuentos Ilustrados para Niños |
|
| 942 |
_2ddc _h808.068 M445h _k808.068 _mM445h |
||
| 999 |
_c14358 _d14358 |
||